Statistics for Serial Killer Files - Jeffrey Dahmer

Click here to take the quiz!

General Stats

  • This quiz has been taken 519 times
  • The average score is 8 of 15

Answer Stats

HintAnswer% Correct
What year did Dahmer die?1994
82%
What year was Dahmer born?1960
74%
In what state did Dahmer kill the rest of his victims?Wisconsin
69%
How many people was Dahmer prosecuted for killing?16
62%
In high school, Dahmer had an addiction to what intoxicant?Alcohol
59%
In what state did Dahmer kill his first victim?Ohio
58%
Dahmers murders often involved necrophilia and ____________Cannibalism
57%
What religion did Dahmer devote himself to in prison?Christianity
57%
Where did Dahmer usually find his victims?Gay clubs
55%
What was Dahmers criminal penalty?Life imprisonment
53%
What was Dahmers middle name?Lionel
52%
What was Dahmers cause of death?Homicide
42%
How did Dahmer kill the majority of his victims?Strangulation
33%
What emotion did Dahmer express about his actions in an interview with "Inside Edition"?Sorrow and regret
28%
Where was Dahmer incarcerated?Columbia Correctional Institution
11%

Score Distribution

Percentile by Number Answered

Percent of People with Each Score

Your Score History

You have not taken this quiz